| 000 | 00711nam a2200289Ia 4500 | ||
|---|---|---|---|
| 001 | Z_5193 | ||
| 003 | CHAP | ||
| 008 | 220113sc200 xx 000 0 und d | ||
| 010 | _a168253 | ||
| 040 | _cCHAP | ||
| 082 | _a591.5 A43 | ||
| 100 |
_aAlcock, John _93650 |
||
| 245 |
_aAnimal behaviour / _cJohn Alcock |
||
| 250 | _a7a. ed. | ||
| 260 |
_aEstados Unidos de América : _bSinauer Associates, _cc200 |
||
| 300 | _axiii, 543 p. | ||
| 503 | _aej.1: 222262 | ||
| 504 | _aBibliografía: p. 495 - 527 | ||
| 650 |
_aAnimales Habitos y comportamiento _9142523 |
||
| 650 |
_aEvolución _939007 |
||
| 901 | _a591.5 A43 | ||
| 902 | _aM | ||
| 910 | _ac200 | ||
| 942 | _c1 | ||
| 942 | _cc1 | ||
| 999 |
_c168253 _d168253 |
||